Statistiques concernant Villes de l'Aube de plus de 10 000 hab

Cliquez ici pour prendre le quiz!

Statistiques générales

  • Ce quiz a été pris 25 fois
  • Le résultat moyen est 3 sur 5

Statistiques - réponses

VillePopulation% Correct
Troyes63 728
100%
Romilly-sur-Seine14 899
79%
La Chapelle-Saint-Luc12 225
50%
Saint-André-les-Vergers13 084
46%
Sainte-Savine10 610
38%

Distribution des résultats

Percentile par nombre de réponses

% des personnes avec chaque résultat

Votre développement - résultats

Vous n’avez pas pris ce quiz